000 00490nam a2200157 4500
001 120961
003 ES-MaACL
005 20230906191646.0
007 t|
008 070214s1972 sp r ||||1| spa d
100 1 _aPompey, Francisco.
_992936
245 1 0 _aRecuerdos de un pintor que escribe
_b: semblanzas de grandes figuras /
_cFrancisco Pompey.
260 _aMadrid :
_b[s.n.],
_c1972 (
_fGráf. Iberoamericanas)
300 _a360 p. ;
_c19 cm.
852 _aES-MaACL
_jC-49664
_bR.83627
999 _c120961
_d120961